Mario Kart Wii Racetracks. - Statistics

General Stats
  • This quiz has been taken 71 times
    55 since last reset
  • The average score is 21 of 32
Answer Stats
Cup Track % Correct
Mushroom Luigi Circuit
92%
Special Rainbow Road
90%
Mushroom Toad's Factory
90%
Leaf GCN Mario Circuit
88%
Flower Mario Circuit
88%
Special Bowser's Castle
85%
Flower Coconut Mall
85%
Lightning N64 Bowser's Castle
85%
Mushroom Mushroom Gorge
83%
Flower DK's Snowboard Cross
79%
Flower Wario's Gold Mine
75%
Shell GCN Peach Beach
73%
Star Koopa Cape
73%
Star Maple Treeway
73%
Special Moonview Highway
73%
Mushroom Moomoo Meadows
71%
Star Daisy Circuit
69%
Star Grumble Volcano
69%
Special Dry Dry Ruins
63%
Banana GBA Shy Guy Beach
63%
Banana GCN Waluigi Stadium
63%
Shell DS Yoshi Falls
58%
Lightning GCN DK Mountain
58%
Lightning DS Peach Gardens
54%
Banana DS Delfino Square
50%
Shell SNES Ghost Valley 2
48%
Shell N64 Mario Raceway
42%
Leaf DS Desert Hills
38%
Leaf N64 DK's Jungle Parkway
38%
Banana N64 Sherbet Land
35%
Lightning SNES Mario Circuit 3
27%
Leaf GBA Bowser Castle 3
21%
No matching quizzes found
Score Distribution
Percent of People with Each Score
Percentile by Number Answered
Your Score History
You have not taken this quiz since the last reset